01537cam a22003254a 450000100090000000300040000900500170001300800410003001000170007102000280008804000180011604200080013404300210014205000250016308200270018810000210021524500860023626000610032230000290038350400660041250503210047865000410079965100460084065100460088665100500093265100450098265100530102765100530108085600780113313701515OSt20170105102907.0040827s2005 enkb b 001 0 eng  a 2004020407 a0754644340 (alk. paper) aDLCcDLCdDLC apcc aa-pk---aa-af---00aDS383.5.A3bH87 200500a327.5491222bHUS 20051 aHussain, Rizwan.10aPakistan and the emergence of Islamic militancy in Afghanistan /cRizwan Hussain. aAldershot, England ;aBurlington, VT :bAshgate,cc2005. a288 p. :bmaps ;c25 cm. aIncludes bibliographical references (p. [257]-283) and index.0 aThe Pakistan-Afghanistan relationship in a historical perspective -- Pakistan-Afghanistan ties, 1947-1977 -- The Zia regime and Afghanistan, 1978-1988 -- The concluding years of the cold war and the Afghan conflict -- Pakistan and the "Islamic State of Afghanistan", 1992-1995 -- Pakistan and the Taliban, 1996-2001. 0aIslamic fundamentalismzAfghanistan. 0aPakistanxForeign relationszAfghanistan. 0aAfghanistanxForeign relationszPakistan. 0aPakistanxPolitics and governmenty1971-1988. 0aPakistanxPolitics and governmenty1988- 0aAfghanistanxPolitics and governmenty1973-1989. 0aAfghanistanxPolitics and governmenty1989-2001.413Table of contentsuhttp://www.loc.gov/catdir/toc/ecip0422/2004020407.html